000
00286nam a2200109Ia 4500
008
200302s9999 xx 000 0 und d
100
_a
Avi Friedman
245
_a
Innovations in Houses Concepts for Susainable Living
260
_b
Laurence King Publishing
260
_c
2013
300
_a
256
999
_c
3379
_d
3379